000 00733nam a2200277 i 4500
001 C2-0141567
003 PPAK
005 20180727125257.0
008 980104s1990 my a|||| ||||| | may d
020 _a9679692221
040 _aPPAK
_beng
_cPPAK
_erda
082 0 4 _a664.8
_223
090 0 0 _a664.8
_bPAN
_dK
090 0 0 _a664.8
_bPAN
_dKMI
245 0 0 _aPanduan penanaman :
_bciku
250 _aRukayah Aman
264 1 _aKuala Lumpur :
_bBerita ,
_c1990
300 _avii, 40 pages :
_billustrations ;
_c25 cm
336 _2rdacontent
_atext
337 _2rdamedia
_aunmediated
338 _2rdacarrier
_avolume
490 1 _aPanduan penanaman
650 1 0 _aCucumis melo.
830 0 _aPanduan penanaman
942 _ddc
_cB
999 _c44193
_d44193